<?xml version="1.0" encoding="UTF-8"?>
<record
    xmlns:xsi="http://www.w3.org/2001/XMLSchema-instance"
    xsi:schemaLocation="http://www.loc.gov/MARC21/slim http://www.loc.gov/standards/marcxml/schema/MARC21slim.xsd"
    xmlns="http://www.loc.gov/MARC21/slim">

  <leader>07348nam a2200301 a 4500</leader>
  <controlfield tag="001">000048064</controlfield>
  <controlfield tag="003">DO-SdBPM</controlfield>
  <controlfield tag="005">20250702123943.0</controlfield>
  <controlfield tag="007">ta</controlfield>
  <controlfield tag="008">181112s2017    dr            000   spa d</controlfield>
  <datafield tag="020" ind1=" " ind2=" ">
    <subfield code="a">9789945167863</subfield>
  </datafield>
  <datafield tag="040" ind1=" " ind2=" ">
    <subfield code="a">DO-SdBPM</subfield>
    <subfield code="b">spa</subfield>
    <subfield code="c">BPMSU </subfield>
    <subfield code="d">rda</subfield>
  </datafield>
  <datafield tag="082" ind1=" " ind2="4">
    <subfield code="a">174.91</subfield>
    <subfield code="b">D536e 2017</subfield>
    <subfield code="2">22</subfield>
  </datafield>
  <datafield tag="100" ind1="1" ind2=" ">
    <subfield code="a">D&#xED;az Garc&#xED;a, Leonardo</subfield>
    <subfield code="e">autor</subfield>
  </datafield>
  <datafield tag="245" ind1="1" ind2="0">
    <subfield code="a">&#xC9;tica y moral :</subfield>
    <subfield code="b">necesidad vital, responsabilidad social, desarrollo local y global. Teor&#xED;a y praxis para el manejo inteligente de dilemas morales personales, profesionales, sociales y de negocios /</subfield>
    <subfield code="c">Leonardo D&#xED;az Garc&#xED;a.</subfield>
  </datafield>
  <datafield tag="264" ind1=" " ind2=" ">
    <subfield code="a">Santo Domingo :</subfield>
    <subfield code="b">Renovaci&#xF3;n Humana,</subfield>
    <subfield code="c">2017.</subfield>
  </datafield>
  <datafield tag="300" ind1=" " ind2=" ">
    <subfield code="a">768 p&#xE1;ginas  ;</subfield>
    <subfield code="c">24 cm.</subfield>
  </datafield>
  <datafield tag="336" ind1=" " ind2=" ">
    <subfield code="a">texto</subfield>
    <subfield code="b">txt</subfield>
    <subfield code="2">rdacontent</subfield>
  </datafield>
  <datafield tag="337" ind1=" " ind2=" ">
    <subfield code="a">sin mediaci&#xF3;n</subfield>
    <subfield code="b">n</subfield>
    <subfield code="2">rdamedia</subfield>
  </datafield>
  <datafield tag="338" ind1=" " ind2=" ">
    <subfield code="a">volumen</subfield>
    <subfield code="b">nc</subfield>
    <subfield code="2">rdacarrier</subfield>
  </datafield>
  <datafield tag="505" ind1="0" ind2=" ">
    <subfield code="a">Prefacio, xvii -- Primera parte: Ser humano, moral y &#xE9;tica -- Ser humano, su vinculaci&#xF3;n con la &#xE9;tica y la moral, 3 -- Objetivos de aprendizaje cap&#xED;tulo 1, 4 -- Pre&#xE1;mbulo cap&#xED;tulo 1, 5 --  La moral y la &#xE9;tica son un producto humano para el desarrollo humano, 7 -- El ser humano y c&#xF3;mo guiarse para lograr una filosof&#xED;a de vida que le permita vivir de la mejor manera que puede vivir, 9 --  Somos una sola raza, 9 -- Somos inteligentes. Somos fil&#xF3;sofos, 10 -- Los dilemas y el vivir, 12 -- Preguntas y ejercicios cap&#xED;tulo 1, 17 -- Dilemas cap&#xED;tulo 1, 18 -- Un ejemplo a seguir, 23 -- &#xC9;tica y moral, 27 -- Objetivos de aprendizaje, 28 -- &#xC1;mbitos de la &#xE9;tica y la moral, 30 -- La &#xE9;tica, sus tareas y su m&#xE9;todo, 39 -- El serm&#xF3;n de Fray Ant&#xF3;n Montesino, 40 --&#xC9;tica: definiciones, 43 -- Tareas de la &#xE9;tica y su relaci&#xF3;n con otras ciencias, 47 -- M&#xE9;todo de la &#xE9;tica, 61 -- Preguntas y ejercicios, 74 -- Un ejemplo a seguir, 74 -- La moral. Normas, valores y principios, 83 -- Pre&#xE1;mbulo cap&#xED;tulo 3, 85 -- Nacimiento de la moral. Definiciones de moral, 87 -- Acto moral. Lo individual y lo colectivo en la moral, 93 -- Responsabilidad y obligaci&#xF3;n moral, 96 --Normas, principios y valores, 99 -- Normas, 99 -- Principios, 99 -- Valoraci&#xF3;n moral. Los valores y la personalidad, aspectos claves para el desarrollo personal, 115 -- Moralizaci&#xF3;n y socializaci&#xF3;n, 129 -- Los valores se ense&#xF1;an, se aprenden, 137 +-Preguntas y ejercicios, 151 -- Dilemas, 152 -- Un ejemplo a seguir, 156 -- Doctrinas &#xE9;ticas, 159 -- Objetivos aprendizaje, 160 -- Pre&#xE1;mbulo capitulo 4, 161 --  Introducci&#xF3;n, 163 -- Clasificaci&#xF3;n de las doctrinas &#xE9;ticas, 165 -- Lo fundamental del fundamento de la &#xE9;tica, 173 -- Los sofistas. S&#xF3;crates, 175 -- Plat&#xF3;n, 182 -- Arist&#xF3;teles, 198 -- &#xC9;tica de Epicuro, 206 -- Estoicismo y &#xE9;tica cristiana, 209  -- &#xC9;tica Kantiana, 224 --La &#xE9;tica comunicativa o discursiva, 230 -- &#xC9;tica de las virtudes, de la excelencia, 231 --Otros fundamentos de la &#xE9;tica, 238--  Utilitarismo, 238 -- &#xC9;tica de los derechos, de la justicia y del bienestar, 244 -- &#xC9;tica del cuidado. &#xC9;tica feminista, 256 -- &#xC9;tica marxista, 262 -- Un paradigma que rompe el paradigma &#xE9;tico: el relativismo &#xE9;tico, 266 -- Lo fundamental de la &#xE9;tica hoy. Algunos aspectos cr&#xED;ticos, 269 -- Preguntas y ejercicios cap&#xED;tulo 4, 274 -- Dilemas cap&#xED;tulo 4, 274 -- Un ejemplo a seguir, 278 -- Contexto y aplicaci&#xF3;n -- Contexto, &#xE9;tica y moral, 283 -- Objetivos de aprendizaje cap&#xED;tulo 5, 284 -- Introducci&#xF3;n, 287 -- Globalizaci&#xF3;n, neoliberalismo y consumismo, 292 -- Pobreza a nivel global, regional y local, 296 -- Desigualdad a nivel global, regional y local, 304 -- Pobreza y desigualdad: desaf&#xED;o &#xE9;tico, 313 -- Los retos en Am&#xE9;rica Latina y el Caribe (ALC) en lo concerniente a desarrollo, &#xE9;tica y moral, 325 -- Econom&#xED;a, desarrollo econ&#xF3;mico-humano y &#xE9;tica, 331 -- La &#xC9;tica que necesita ALC, 336 -- Preguntas y ejercicios cap&#xED;tulo 5, 343 -- Ejemplos a seguir para forjar un mundo m&#xE1;s justo, 343 -- Aplicaci&#xF3;n de la &#xE9;tica y la moral al ejercicio profesional y a los negocios, 355 -- Objetivo de aprendizaje cap&#xED;tulo 6, 356 -- Pre&#xE1;mbulo cap&#xED;tulo 6, 357 --&#xC9;tica aplicada al ejercicio profesional, 359 -- La &#xE9;tica, los directivos, los negocios, 369 -- &#xC9;tica, administraci&#xF3;n y negocios, 369 -- La &#xE9;tica en la funci&#xF3;n directiva, 381 -- Valoraci&#xF3;n, inter&#xE9;s y popularidad de la &#xE9;tica, 381 --La implementaci&#xF3;n de la &#xE9;tica a las organizaciones, 401 -- Una muestra de casos de buenas pr&#xE1;cticas de &#xE9;tica empresarial en peque&#xF1;as y medianas empresas europeas, 411 -- El mercado, 414 -- El lugar de trabajo, 419 -- La comunidad, 424 -- El medio ambiente, 430 -- Caso integral. Sanga-Saby (Suecia), 435 -- Preguntas y ejercicios cap&#xED;tulo 6: 439 -- Dilemas morales cap&#xED;tulo 6, 439 -- Aplicaci&#xF3;n de la &#xE9;tica a la toma de decisiones, 447 -- Objetivos aprendizaje cap&#xED;tulo 7, 448 -- Pre&#xE1;mbulo cap&#xED;tulo 7, 449 --Lo cognitivo en el ser humano y la toma de decisiones, 451 -- M&#xE9;todos &#xE9;ticos de soluci&#xF3;n de problemas, 462 --Introducci&#xF3;n, 462 -- Lo emocional en la toma de decisiones, 470 --Lo racional en la toma de decisiones. M&#xE9;todos para el an&#xE1;lisis de dilemas: Las dos hojas, los lentes &#xE9;ticos, 485 -- Otros m&#xE9;todos para el manejo de dilemas &#xE9;ticos, 498 -- Preguntas y ejercicios cap&#xED;tulo 7, 516 -- Dilemas cap&#xED;tulo 7, 517 -- Un par de ejemplos a imitar, 524 -- Responsabilidad social y los desaf&#xED;os &#xE9;ticos actuales -- Responsabilidad social, ciudadan&#xED;a y bien com&#xFA;n, 535 -- Objetivos de aprendizaje cap&#xED;tulo 8, 536 -- Pre&#xE1;mbulo cap&#xED;tulo 8, 537 -- Introducci&#xF3;n, 538 -- Responsabilidad social empresarial, 541  Pre&#xE1;mbulo, 541  -- Que es y que no es RSE, 556 --  Orientaciones sobre el rol de la empresa en la sociedad, 562 -- Cuatro teor&#xED;as de responsabilidad social empresarial (RSE), 578 / La teor&#xED;a de la actuaci&#xF3;n social de la empresa, 579 -- La teor&#xED;a del valor para el accionista, 583 -- La teor&#xED;a de los grupos implicados o grupos de inter&#xE9;s o stakeholder, 586 -- La teor&#xED;a de la ciudadan&#xED;a empresarial, 590 -- Cultura organizacional y RSE, 599 -- Un modelo de RSE multidisciplinario, flexible y abierto, 616 -- Descripci&#xF3;n del modelo, 615 --Un detalle no exhaustivo de responsabilidades sociales primarias, secundarias y terciarias, con relaci&#xF3;n a dos grupos de inter&#xE9;s: trabajadores y la comunidad, 623 -- Plan de actuaci&#xF3;n para la aplicaci&#xF3;n de la RSE, 630-- RSE en ALC: situaci&#xF3;n actual, tendencias, retos y desaf&#xED;os, 633 --  Objetivos de aprendizaje cap&#xED;tulo 9, 634 -- Pre&#xE1;mbulo cap&#xED;tulo 9, 635 -- Introducci&#xF3;n, 636-- &#xBF;Qu&#xE9; est&#xE1; ocurriendo en Latinoam&#xE9;rica en materia de RSE?, 638 -- Aspectos relevantes en materia de RSE para la regi&#xF3;n (ejemplos de empresas), 649 -- La RSE: algunas comparaciones ALC-Europa, 653 -- Dos ejemplos para imitar, 653 -- Preguntas y ejercicios cap&#xED;tulo 9, 661 -- &#xC9;tica y responsabilidad social empresarial: el caso de la Rep&#xFA;blica Dominicana, 663 -- Objetivos de aprendizaje cap&#xED;tulo 10, 665--  Introducci&#xF3;n, 666 -- El &#xE1;mbito del sector p&#xFA;blico, 666 -- Revisi&#xF3;n autobiogr&#xE1;fica del estado de la RSE en algunas empresas radicadas en Rep&#xFA;blica Dominicana, 721 -- Ejercicios y tareas cap&#xED;tulo 10, 753 --Referencias bibliogr&#xE1;ficas, 755</subfield>
  </datafield>
  <datafield tag="590" ind1=" " ind2=" ">
    <subfield code="a">Inventariado, 2025 / VM</subfield>
  </datafield>
  <datafield tag="650" ind1=" " ind2="7">
    <subfield code="a"> &#xC9;tica </subfield>
    <subfield code="x">Aspectos sociale</subfield>
  </datafield>
  <datafield tag="650" ind1=" " ind2="7">
    <subfield code="a">&#xC9;tica </subfield>
    <subfield code="x">Aspectos morales</subfield>
  </datafield>
  <datafield tag="650" ind1=" " ind2="7">
    <subfield code="a">Psicolog&#xED;a </subfield>
    <subfield code="x">Aspectos morales y &#xE9;ticos </subfield>
  </datafield>
  <datafield tag="910" ind1=" " ind2=" ">
    <subfield code="a">VMateo V. Control de calidad. BPMSU </subfield>
  </datafield>
  <datafield tag="942" ind1=" " ind2=" ">
    <subfield code="2">ddc</subfield>
    <subfield code="c">BK</subfield>
  </datafield>
  <datafield tag="952" ind1=" " ind2=" ">
    <subfield code="0">0</subfield>
    <subfield code="1">0</subfield>
    <subfield code="2">ddc</subfield>
    <subfield code="7">0</subfield>
    <subfield code="8">CD</subfield>
    <subfield code="a">BPMET</subfield>
    <subfield code="b">BPMET</subfield>
    <subfield code="d">2025-07-02</subfield>
    <subfield code="l">0</subfield>
    <subfield code="o">BPMSU CD 174.91 D536e 2017</subfield>
    <subfield code="p">BPMSU25070012</subfield>
    <subfield code="r">2025-07-02</subfield>
    <subfield code="w">2025-07-02</subfield>
    <subfield code="y">BK</subfield>
  </datafield>
  <datafield tag="999" ind1=" " ind2=" ">
    <subfield code="c">15245</subfield>
    <subfield code="d">15245</subfield>
  </datafield>
</record>
